000 00939nam a2200217 a 4500
003 0
005 20250616110333.0
008 021114s19uu xx 00 eng d
050 _aPGS LB 3602
_b.P579 1999
100 _aPiad, Roxanne Catherine M.
245 _aThe effects of morning and afternoon class schedules to grade 1 & 2 students of SIS on their time management training and study habits /
_cRoxanne Catherine M. Piad.
260 _aLas PiƱas City, Philippines :
_bSouthville International School and Colleges,
_c1999.
300 _a107 pages :
_bcolored illustrations :
_c28 cm.
504 _aIncludes bibliographical references.
650 _aStudy skills
_vElementary students.
650 _aTime management
_vElementary students.
650 _aSchool schedules
_vEffect on academic achievement.
650 _aSchool children
_vTime use.
650 _aEducation, Elementary
_vSchedules and timetables.
942 _2lcc
_cPASS
999 _c96148
_d96148